Normal view
MARC view
Entry Término temático
001 - NÚMERO DE CONTROL
- campo de control: 6834
003 - IDENTIFICADOR DE NÚMERO DE CONTROL
- campo de control: OSt
005 - FECHA Y HORA DE LA ÚLTIMA TRANSACCIÓN
- campo de control: 20221005155219.0
008 - ELEMENTOS DE DATO DE LONGITUD-FIJA
- campo de control de longitud fija: 221005|| aca||aabn | a|a d
040 ## - FUENTE DE CATALOGACIÓN
- Centro catalogador/agencia de origen: OSt
- Centro/agencia transcriptor: OSt
150 ## - ENCABEZAMIENTO--TÉRMINO DE MATERIA
- Término de materia o nombre geográfico como elemento de entrada: ADMINISTRACION DE MARKETING
670 ## - FUENTE DE DATOS ENCONTRADOS
- Cita de la fuente: Work cat.: (OSt)6752: FEDERACION DE COMERCIO ELECTRONICO Y MARKETING DIRECTO España 6833, Anuario 2000 del comercio electrónico y marketing directo /, D.L. 2000